000 00645nam a22001937a 4500
999 _c183324
_d183324
005 20211223111240.0
010 _aUR-11383
020 _c200.00
_a9789390789481
035 _aU-9938
037 _bDBAD/PUB
_a-
082 _a841
100 _aعليم ا لد ين عليم
245 _aخيمے کی طر ف
_cعليم ا لد ين عليم
246 _bKheme Ki Taraf (Urdu)
_aby Aleemuddin Aleem
260 _aDelhi
_bEducational Publishing House
_c2021 ء
270 _a3191,vakil Street, Kucha Pandit,Lal Kuan,
_bDelhi
_e110006
_k23216162
_l-
300 _a192 ص
_c22 Cm(Hb)
942 _2ddc
_cUR
_h841
_mع ل ی